Southville International School and Colleges
Your cart is empty.
  • Cart
  • Lists
    Public lists Eva Luna New books Lux_list list_1
    Your lists Log in to create your own lists
  • Log in to your account
  • Your cookies
  • Search history
Southville International School and Colleges
  • Advanced search
  • Recent comments
  • Most popular
  • Libraries

Log in to your account

Log in with GOOGLE


If you do not have an external account, but do have a local account, you can still log in:

  1. Home
  2. MARC view: 101 things every kid should know about the human body /
Normal view MARC view ISBD view

101 things every kid should know about the human body / (Record no. 12222)

[ view plain ]
MARC details
000 -LEADER
fixed length control field 00675nam a22002057a 4500
003 - CONTROL NUMBER IDENTIFIER
control field OSt
005 - DATE AND TIME OF LATEST TRANSACTION
control field 20140310182345.0
008 - FIXED-LENGTH DATA ELEMENTS--GENERAL INFORMATION
fixed length control field 130927t xxu||||| |||| 00| 0 eng d
020 ## - INTERNATIONAL STANDARD BOOK NUMBER
International Standard Book Number 9780737302226
050 ## - LIBRARY OF CONGRESS CALL NUMBER
Classification number QP 37
Item number .B491 1999
082 ## - DEWEY DECIMAL CLASSIFICATION NUMBER
Classification number QP 37
Item number .B491 1999
245 ## - TITLE STATEMENT
Title 101 things every kid should know about the human body /
Statement of responsibility, etc Samantha Beres
260 ## - PUBLICATION, DISTRIBUTION, ETC. (IMPRINT)
Place of publication, distribution, etc Los Angeles :
Name of publisher, distributor, etc Lowell House Juvenile,
Date of publication, distribution, etc c1999.
300 ## - PHYSICAL DESCRIPTION
Extent 128 p. :
Other physical details ill.,
Dimensions 25 cm.
650 ## - SUBJECT ADDED ENTRY--TOPICAL TERM
Topical term or geographic name as entry element Body, human
General subdivision Juvenile literature
9 (RLIN) 21933
650 ## - SUBJECT ADDED ENTRY--TOPICAL TERM
Topical term or geographic name as entry element Human anatomy
General subdivision Juvenile literature
9 (RLIN) 21934
650 ## - SUBJECT ADDED ENTRY--TOPICAL TERM
Topical term or geographic name as entry element Human physiology
General subdivision Juvenile literature
9 (RLIN) 21935
942 ## - ADDED ENTRY ELEMENTS (KOHA)
Source of classification or shelving scheme Library of Congress Classification
Koha item type
Holdings
Withdrawn status Lost status Source of classification or shelving scheme Damaged status Home library Current library Shelving location Date acquired Source of acquisition Total Checkouts Full call number Barcode Date last seen Date checked out Copy number Price effective from Koha item type
    Library of Congress Classification   Luxembourg Library Luxembourg Library Reference Section 09/28/2013 Donation 1 QP 37 .B491 1999 8449 02/15/2023 02/09/2023 1 10/03/2013 Books

101 things every kid should know about the human body /

APA

(1999). 101 things every kid should know about the human body. Los Angeles: Lowell House Juvenile.

Chicago

1999. 101 things every kid should know about the human body. Los Angeles: Lowell House Juvenile.

Harvard

(1999). 101 things every kid should know about the human body. Los Angeles: Lowell House Juvenile.

MLA

101 things every kid should know about the human body. Los Angeles: Lowell House Juvenile. 1999.

  • Place hold
  • Print
  • Cite
  • Add to your cart (remove)
  • Save record
    BIBTEX Dublin Core MARCXML MARC (non-Unicode/MARC-8) MARC (Unicode/UTF-8) MARC (Unicode/UTF-8, Standard) MODS (XML) RIS
  • More searches
    Search for this title in:
    Other Libraries (WorldCat) Other Databases (Google Scholar) Online Stores (Bookfinder.com) Open Library (openlibrary.org)

Exporting to Dublin Core...

SOUTHVILLE LIBRARY

Southville International School and Colleges Library

1281 Tropical Ave. Cor. Luxembourg St., BF Homes International, Las Pinas City

Tel. No. 8256374 / 252358 Loc. 117/146

Powered by Koha